Office productivity (Record no. 7301)
[ view plain ]
| 000 -LEADER | |
|---|---|
| fixed length control field | 00606nam a22001817a 4500 |
| 003 - CONTROL NUMBER IDENTIFIER | |
| control field | OSt |
| 005 - DATE AND TIME OF LATEST TRANSACTION | |
| control field | 20260305081956.0 |
| 008 - FIXED-LENGTH DATA ELEMENTS--GENERAL INFORMATION | |
| fixed length control field | 260112b |||||||| |||| 00| 0 eng d |
| 020 ## - INTERNATIONAL STANDARD BOOK NUMBER | |
| International Standard Book Number | 9789710550128 |
| 040 ## - CATALOGING SOURCE | |
| Original cataloging agency | DWCL-Main Lib |
| Transcribing agency | OC |
| 082 ## - DEWEY DECIMAL CLASSIFICATION NUMBER | |
| Classification number | Res. 005.3 M464 2010 |
| 100 ## - MAIN ENTRY--PERSONAL NAME | |
| Personal name | Maximo, Alexander C. |
| Dates associated with a name | [and five others]. |
| 245 ## - TITLE STATEMENT | |
| Title | Office productivity |
| 260 ## - PUBLICATION, DISTRIBUTION, ETC. | |
| Place of publication, distribution, etc. | Quezon City, |
| Name of publisher, distributor, etc. | Philippines : |
| Date of publication, distribution, etc. | Trademark of TechFactors, c2010. |
| 300 ## - PHYSICAL DESCRIPTION | |
| Extent | vi, 146 pages : |
| Other physical details | color illustrations ; |
| Dimensions | 26 cm |
| 650 ## - SUBJECT ADDED ENTRY--TOPICAL TERM | |
| Topical term or geographic name entry element | Tagalog-Filipino-vocabulary-secondary student. |
| 942 ## - ADDED ENTRY ELEMENTS (KOHA) | |
| Source of classification or shelving scheme | Dewey Decimal Classification |
| Koha item type | Book- Reserved |
| Edition | 4th edition. |
| Suppress in OPAC | No |
| Call number prefix | Res. |
| 952 ## - LOCATION AND ITEM INFORMATION (KOHA) | |
| -- | |
| 952 ## - LOCATION AND ITEM INFORMATION (KOHA) | |
| -- | |
| 952 ## - LOCATION AND ITEM INFORMATION (KOHA) | |
| -- | |
| Withdrawn status | Lost status | Source of classification or shelving scheme | Damaged status | Not for loan | Home library | Current library | Shelving location | Date acquired | Source of acquisition | Total Checkouts | Full call number | Barcode | Date last seen | Copy number | Price effective from | Koha item type | Uniform Resource Identifier |
|---|---|---|---|---|---|---|---|---|---|---|---|---|---|---|---|---|---|
| Dewey Decimal Classification | Junior High School Library | Junior High School Library | Reserved | 08/01/2011 | Library Fund | Res. 005.3 M464 | JHS - 16032 | 01/12/2026 | c3 | 01/12/2026 | BK - FIL | ||||||
| Dewey Decimal Classification | Junior High School Library | Junior High School Library | Reserved | 08/01/2011 | Library Fund | Res. 005.3 M464 | JHS - 16031 | 01/12/2026 | c2 | 01/12/2026 | BK - FIL | ||||||
| Dewey Decimal Classification | Junior High School Library | Junior High School Library | Reserved | 08/01/2011 | Library Fund | Res. 005.3 M464 | JHS - 16030 | 01/12/2026 | c1 | 01/12/2026 | BK - FIL |